000 00458 a2200157 4500
003 OSt
005 20240802151104.0
008 231017b |||||||| |||| 00| 0 eng d
040 _coclc
082 _a892.78
_2KHA/K
100 _aAbdul fathahul khalidi
_910471
245 _aAL KHULAFAHU RASHIDOON /
_cDr Swalah Abdul Fathahul Khalidi
260 _aBeiruth:
_bDarul kalam,
_c2010.
300 _a296p
942 _2ddc
_cBK
_h92.78
_k892.78
_eKHA/K
999 _c42711
_d42711